Responses for Show #1389 - Thursday, September 20, 1990

Game entered from audiorecording. Missing prizes.

Contestants

[<< previous game]

Karen Dalal, an educational consultant from South Holland, Illinois

Burr Baldwin, a painting and decorating contractor from Minneapolis, Minnesota

Catherine Meschter, a communications consultant from Washington, D.C. (whose 1-day cash winnings total $11,100)

[next game >>]

Jeopardy! Round responses

1955
TOYS & GAMES
SCIENCE & NATURE
FEMALE SINGERS
SCOTLAND
IN OTHER WORDS
    $100 26
Truman

Karen
    $100 4
a royal flush

Catherine
    $100 7
the speed of light

Burr
    $100 10
Madonna

Burr
    $100 1
(1 of) Queen Mary (or Queen Elizabeth or QE2)

Burr
    $100 15
(Karen: Um...)

fight like the devil

BurrKaren
    $200 27
the AFL-CIO

Karen
    $200 5
dice

Karen
    $200 8
a caterpillar

Burr
    $200 11
Diana Ross

Burr
    $200 2
sheep

Burr
    $200 16
(Alex: Flip Wilson used to use that line a lot.)

the devil made me do it

Burr
    $300 28
[Alex sings chorus to give correct response]

Davy Crockett

Triple Stumper
    $300 6
an agate

Burr
    $300 9
(Karen: What are 3?)

2

Karen
Triple Stumper
    $300 12
Grace Slick

Karen
    $300 3
a sweater

Karen
    $300 21
the devil's disciple

Triple Stumper
    $400 29
[The end-of-round signal sounds.]

Stalin

Burr
    $400 13
(Alex: I had a lot of fun with this myself as a kid, [*].)

dodgeball (dodge the bal)

Triple Stumper
    $400 24
robotics

Triple Stumper
    $400 17
(Catherine: Who is Beverly Sills?)

"Champagne"

Catherine
Triple Stumper
    $1,500 19
Gaelic

Burr
    $400 22
between the devil and the deep blue sea

Burr
    $500 14
Canasta

Karen
    $500 25
North America

Catherine
    $500 18
Brenda Lee

Triple Stumper
    $500 20
firths

Burr
    $500 23
(Alex: We have a minute to go.)

give the devil his due

Burr

Scores at the first commercial break (after clue 16):

Catherine Burr Karen
$100 $1,500 $900

Scores at the end of the Jeopardy! Round:

Catherine Burr Karen
$200 $4,800 $1,200

Double Jeopardy! Round responses

BEST SELLERS
GOVERNMENT AGENCIES
NEW YORKERS
ARCHITECTURE
HISTORY
MOUNTAINS
    $200 1
Julia Child

Catherine
    $200 26
Small Business Administration

Burr
    $200 21
Lauren Bacall

Catherine
    $200 13
windows

Karen
    $200 8
Dag Hammarskjöld

Catherine
    $200 3
Everest

Burr
    $400 2
George Burns

Burr
    $400 27
the U.S. Information Agency

Catherine
    $400 22
Fred Silverman

Burr
    $400 14
iron

Karen
    $400 9
(Karen: Who is Nicholas?)
(Burr: Who is Peter the Great?)

Ivan the Terrible

CatherineBurrKaren
    $400 4
Mexico

Catherine
    $600 16
Erma Bombeck

Karen
    $1,000 28
(Alex: Catherine?)
(Catherine: I have no idea.)
(Alex: Well, it's all about a trucker, so you'd have to say [*].)
[The end-of-round signal sounds.]

the Interstate Commerce Commission (the ICC)

Catherine
    $600 23
(Gordon) Liddy

Karen
    $600 15
(Karen: What's the Empire State Building?)

the Woolworth Building

Karen
Triple Stumper
    $600 10
Guy Fawkes

Burr
    $600 5
Montana

Catherine
    $800 17
Jimmy Stewart

Karen
    $800 24
Jim Palmer

Karen
    $800 19
a (mansard) roof

Catherine
    $2,500 11
Haiti

Burr
    $800 6
(Alex: Right, South America.)

the Andes

Burr
    $1000 18
Umberto Eco

Triple Stumper
    $1000 25
(Alex: Minute to go.)

Henry James

Karen
    $1000 20
(Charles) Bulfinch

Catherine
    $1000 12
(Ali) Bhutto

Karen
    $1000 7
the Matterhorn

Burr

Scores at the end of the Double Jeopardy! Round:

Catherine Burr Karen
$3,400 $10,500 $5,600

[wagering suggestions for these scores]

Final Jeopardy! Round responses

BUSINESS & INDUSTRY
(Alex: This was not the time to expose your patriotic or chauvinistic tendencies.)
CatherineWhat is Goodyear?
$3,300
KarenWhat is Goodyear?
$5,400
BurrWhat is Michelin?
$800
Michelin

Final scores:

Catherine Burr Karen
$100 $11,300 $200
3rd place New champion: $11,300 2nd place

Game dynamics:

Coryat scores:

Catherine Burr Karen
$4,400 $7,700 $5,600
11 R,
2 W
(including 1 DD)
22 R
(including 2 DDs),
1 W
14 R,
4 W

Combined Coryat: $17,700

[game clues] [game scores] [suggest correction]

Game tape date: 1990-08-06
The J! Archive is created by fans, for fans. Scraping, republication, monetization, and malicious use prohibited; this site may use cookies and collect identifying information. See terms. The Jeopardy! game show and all elements thereof, including but not limited to copyright and trademark thereto, are the property of Jeopardy Productions, Inc. and are protected under law. This website is not affiliated with, sponsored by, or operated by Jeopardy Productions, Inc. Join the discussion at JBoard.tv.